[Event "Bamberg op 2nd"]
[Site "Bamberg"]
[Date "2019.06.01"]
[Round "6"]
[White "Kolb, Tobias"]
[Black "Spitzl, Bertram"]
[Result "1-0"]
[WhiteElo "1915"]
[BlackElo "2176"]
[PlyCount "71"]
[EventDate "2019.05.29"]
[EventType "swiss"]
[EventRounds "7"]
[EventCountry "GER"]
[SourceTitle "CBM 190 Extra"]
[Source "ChessBase"]
[SourceDate "2019.07.15"]
[SourceVersion "1"]
[SourceVersionDate "2019.07.15"]
[SourceQuality "1"]

1. e4 c6 2. d4 d5 3. exd5 cxd5 4. Bd3 Nc6 5. c3 Qc7 6. Ne2 Bg4 7. 0-0 e6 8. Qe1 Bxe2 9. Qxe2 g6 10. Nd2 Bg7 11. f4 Nge7 12. Nf3 h5 13. Ne5 a6 14. Bd2 Nf5 15. Rae1 Qd6 16. g4 hxg4 17. Qxg4 Nce7 18. Re2 Bxe5 19. fxe5 Qb6 20. Bg5 Qc7 21. Rc2 Rd8 22. h4 Rd7 23. Rh2 Rh5 24. Be2 Ng7 25. Qf4 Nef5 26. Bxh5 Nxh5 27. Qg4 Qc4 28. b3 Qb5 29. Rc1 Rc7 30. Rhc2 Qd3 31. Rd2 Qb5 32. Qe2 Qb6 33. Qd3 Qc6 34. c4 Nhg3 35. Rg2 Nh5 36. cxd5 1-0

[Event "Bamberg op 2nd"]
[Site "Bamberg"]
[Date "2019.05.29"]
[Round "1"]
[White "Spitzl, Bertram"]
[Black "Hoekstra, Peter"]
[Result "0-1"]
[WhiteElo "2176"]
[BlackElo "1979"]
[PlyCount "64"]
[EventDate "2019.05.29"]
[EventType "swiss"]
[EventRounds "7"]
[EventCountry "GER"]
[SourceTitle "CBM 190 Extra"]
[Source "ChessBase"]
[SourceDate "2019.07.15"]
[SourceVersion "1"]
[SourceVersionDate "2019.07.15"]
[SourceQuality "1"]

1. Nf3 g6 2. g3 Bg7 3. d4 Nf6 4. Bg2 d6 5. 0-0 0-0 6. Re1 c5 7. c3 cxd4 8. Nxd4 d5 9. a4 Nc6 10. Nxc6 bxc6 11. Nd2 e5 12. a5 Rb8 13. Nf3 Re8 14. Qa4 Bd7 15. Qa2 Bf5 16. Be3 Qe7 17. b4 Ne4 18. Rac1 Be6 19. Qc2 h6 20. Nd2 Nd6 21. Bc5 Qd7 22. e4 f5 23. Rcd1 Nb5 24. exd5 cxd5 25. c4 Nd4 26. Bxd4 exd4 27. Rxe6 Rxe6 28. Bxd5 Rxb4 29. Nf3 Kh7 30. Bxe6 Qxe6 31. Nxd4 Qc8 32. Qe2 Rxc4 0-1

[Event "Bamberg op 1st"]
[Site "Bamberg"]
[Date "2018.05.10"]
[Round "3"]
[White "Spitzl, Bertram"]
[Black "Troyke, Doreen"]
[Result "1/2-1/2"]
[WhiteElo "2208"]
[BlackElo "2074"]
[PlyCount "172"]
[EventDate "2018.05.09"]
[EventType "swiss"]
[EventRounds "7"]
[EventCountry "GER"]
[SourceTitle "CBM 184 Extra"]
[Source "ChessBase"]
[SourceDate "2018.06.28"]
[SourceVersion "1"]
[SourceVersionDate "2018.06.28"]
[SourceQuality "1"]

1. Nf3 d5 2. g3 Nf6 3. Bg2 e6 4. 0-0 Be7 5. d3 0-0 6. Nbd2 c5 7. e4 Nc6 8. Re1 Qc7 9. c3 b6 10. Qa4 Bb7 11. Nf1 Rad8 12. e5 Nd7 13. Bf4 Rfe8 14. h4 Nf8 15. h5 h6 16. N1h2 Nh7 17. Ng4 Ng5 18. Bxg5 hxg5 19. Kh2 Rf8 20. h6 d4 21. c4 gxh6 22. Nxh6+ Kg7 23. Ng4 Rh8+ 24. Kg1 Rdg8 25. a3 Kf8 26. b4 cxb4 27. axb4 Nxb4 28. Qxa7 Nc6 29. Qa4 Nb4 30. Qb3 Nc6 31. Reb1 Bc5 32. Qd1 Rg6 33. Qd2 Ke7 34. Rb5 Rd8 35. Nxg5 Nxe5 36. Qf4 f6 37. Nxe5 Qxe5 38. Qxe5 fxe5 39. Bxb7 Rxg5 40. Be4 Kf6 41. Rb2 Rg7 42. Kg2 Rh8 43. Rbb1 Rg5 44. Rh1 Rgh5 45. Rxh5 Rxh5 46. Ra8 Rg5 47. Rh8 Kg7 48. Rh7+ Kf6 49. Rh6+ Ke7 50. Rh7+ Kf6 51. Rb7 Rg7 52. Rb8 Kg5 53. Re8 Kf6 54. f3 Kf7 55. Rb8 Rg8 56. Rb7+ Kf6 57. g4 Rh8 58. Kg3 Rh1 59. Rb8 Kg7 60. Kg2 Rh8 61. Rb7+ Kf6 62. Kg3 Rh1 63. Bh7 Rd1 64. Rb8 Rh1 65. Be4 Kg7 66. Kg2 Rh8 67. Rxh8 Kxh8 68. g5 Kg7 69. Kg3 Bb4 70. g6 Kh6 71. Kf2 Bf8 72. Ke2 Kg5 73. Kd2 Kf6 74. Kc2 Ke7 75. Kb3 Kd7 76. Ka4 Kc7 77. Kb5 Bh6 78. Bc6 Bg7 79. Be8 Bf8 80. Bf7 Bg7 81. Bxe6 Bf8 82. Bf5 Bg7 83. c5 bxc5 84. Kxc5 Kd8 85. Kd6 Ke8 86. Ke6 Bf8 1/2-1/2

[Event "Landesliga Nord 1617"]
[Site "Bayern"]
[Date "2016.12.04"]
[Round "3.7"]
[White "Herrmann, Jens"]
[Black "Spitzl, Bertram"]
[Result "1/2-1/2"]
[WhiteElo "2014"]
[BlackElo "2116"]
[PlyCount "127"]
[EventDate "2016.10.16"]
[EventType "team-tourn"]
[EventRounds "9"]
[EventCountry "GER"]
[SourceTitle "EXT 2019"]
[Source "ChessBase"]
[SourceDate "2018.10.10"]
[SourceVersion "1"]
[SourceVersionDate "2018.10.10"]
[SourceQuality "1"]
[WhiteTeam "Bamberg SC"]
[BlackTeam "Bindlach Aktionaer II"]
[WhiteTeamCountry "GER"]
[BlackTeamCountry "GER"]

1. Nc3 d5 2. d4 Nf6 3. Bg5 Bf5 4. Bxf6 exf6 5. e3 c6 6. Bd3 Bg6 7. Nge2 Bd6 8. Ng3 Qb6 9. Rb1 Na6 10. a3 Nc7 11. 0-0 Ne6 12. Re1 Rd8 13. Nh5 0-0 14. g3 Rfe8 15. Qg4 Re7 16. h4 Kh8 17. Ne2 f5 18. Qf3 Bxh5 19. Qxh5 g6 20. Qf3 Ng7 21. c4 dxc4 22. Bxc4 Qc7 23. Nc3 a6 24. Re2 Rde8 25. Rbe1 Nh5 26. Kg2 Nf6 27. Bd3 Ne4 28. Nxe4 fxe4 29. Qf6+ Kg8 30. Bc4 Rd7 31. h5 Qd8 32. Qxd8 Rdxd8 33. hxg6 hxg6 34. Rh1 Kg7 35. Rh4 f5 36. Re1 Be7 37. Rh2 Rh8 38. Rxh8 Rxh8 39. Rh1 Rd8 40. Rc1 g5 41. Bb3 g4 42. a4 Kg6 43. Be6 Kf6 44. Bb3 Bf8 45. Rd1 Bg7 46. Rc1 Bf8 47. Rd1 Bh6 48. Rc1 Rxd4 49. Rxc6+ bxc6 50. exd4 Bc1 51. d5 cxd5 52. Bxd5 Bxb2 53. Bb7 a5 54. Kf1 Ke5 55. Ke2 Bc1 56. Bc8 Bg5 57. Bd7 Be7 58. Bc8 Bc5 59. Bd7 Kf6 60. Bc8 Kg5 61. Bb7 Bd4 62. Bc6 Kf6 63. Bd7 Be5 64. Bc8 1/2-1/2

[Event "Landesliga Nord 1415"]
[Site "Bayern"]
[Date "2015.01.18"]
[Round "5.8"]
[White "Wulfmeyer, Johannes"]
[Black "Spitzl, Bertram"]
[Result "1/2-1/2"]
[WhiteElo "2087"]
[BlackElo "2116"]
[PlyCount "73"]
[EventDate "2014.10.19"]
[EventType "team-tourn"]
[EventRounds "9"]
[EventCountry "GER"]
[SourceTitle "EXT 2018"]
[Source "ChessBase"]
[SourceDate "2017.10.13"]
[SourceVersion "1"]
[SourceVersionDate "2017.10.13"]
[SourceQuality "1"]
[WhiteTeam "Nuernberg NT II"]
[BlackTeam "Bindlach Aktionaer II"]
[WhiteTeamCountry "GER"]
[BlackTeamCountry "GER"]

1. c4 Nf6 2. g3 g6 3. Bg2 d5 4. cxd5 Nxd5 5. Nc3 Nb6 6. d3 Bg7 7. Be3 Nc6 8. Qc1 Nd4 9. Nf3 Nxf3+ 10. Bxf3 c6 11. Bh6 Qd4 12. h4 Be6 13. Bxg7 Qxg7 14. Qe3 Rd8 15. Qc5 Qd4 16. Qa3 Nd5 17. 0-0 a6 18. Rac1 Nxc3 19. bxc3 Qf6 20. c4 h6 21. Rb1 Bc8 22. Qb2 Qxb2 23. Rxb2 g5 24. hxg5 hxg5 25. Rd1 e5 26. e3 f5 27. Kg2 Ke7 28. Rbd2 Rh6 29. Rh1 Rxh1 30. Kxh1 e4 31. Be2 exd3 32. Rxd3 Rxd3 33. Bxd3 Kd6 34. Kg2 g4 35. Kf1 Kc5 36. a3 Be6 37. Ke1 1/2-1/2

[Event "BL2-Ost 1415"]
[Site "Germany"]
[Date "2014.10.18"]
[Round "1.8"]
[White "Doeres, Hans Juergen"]
[Black "Spitzl, Bertram"]
[Result "1/2-1/2"]
[WhiteElo "2188"]
[BlackElo "2217"]
[PlyCount "32"]
[EventDate "2014.10.18"]
[EventType "team-tourn"]
[EventRounds "10"]
[EventCountry "GER"]
[SourceTitle "CBM 166 Extra"]
[Source "ChessBase"]
[SourceDate "2015.06.18"]
[SourceVersion "1"]
[SourceVersionDate "2015.06.18"]
[SourceQuality "1"]
[WhiteTeam "Forchheim"]
[BlackTeam "Bindlach Aktionaer"]
[WhiteTeamCountry "GER"]
[BlackTeamCountry "GER"]

1. e4 c6 2. d4 d5 3. e5 Bf5 4. h4 h5 5. c4 e6 6. Nc3 Nd7 7. cxd5 cxd5 8. Be2 Qb6 9. Bxh5 Be7 10. Be2 Rxh4 11. Rxh4 Bxh4 12. Nf3 Be7 13. Na4 Qc6 14. Nc3 Qb6 15. Na4 Qc6 16. Nc3 Qb6 1/2-1/2

[Event "Wunsiedel op 8th"]
[Site "Wunsiedel"]
[Date "2014.05.31"]
[Round "5"]
[White "Spitzl, Bertram"]
[Black "Roettig, Hans Peter"]
[Result "1-0"]
[WhiteElo "2223"]
[BlackElo "2084"]
[PlyCount "77"]
[EventDate "2014.05.29"]
[EventType "swiss"]
[EventRounds "7"]
[EventCountry "GER"]
[SourceTitle "CBM 160 Extra"]
[Source "ChessBase"]
[SourceDate "2014.07.01"]
[SourceVersion "1"]
[SourceVersionDate "2014.07.01"]
[SourceQuality "1"]

1. b3 e5 2. Bb2 Nc6 3. e3 d5 4. Nf3 e4 5. Ng1 Nf6 6. f4 Bg4 7. Be2 Bf5 8. Bb5 Bc5 9. Ne2 0-0 10. Bxc6 bxc6 11. Nbc3 Re8 12. Na4 Bd6 13. a3 c5 14. 0-0 Qe7 15. Qe1 Bd7 16. Kh1 Rab8 17. Bc3 Bb5 18. Rg1 Ng4 19. h3 f5 20. g3 Nf6 21. Nb2 Qf7 22. g4 d4 23. exd4 e3 24. d3 fxg4 25. dxc5 Bc6+ 26. Kh2 Bxc5 27. Nc4 Bf3 28. Bxf6 Qxf6 29. hxg4 Re6 30. Kg3 Bxg4 31. Kxg4 Qg6+ 32. Kf3 Qh5+ 33. Rg4 Rf8 34. Qh4 Qd5+ 35. Kg3 Rff6 36. Qg5 Qxg5 37. Rxg5 Be7 38. Re5 Rxe5 39. Nxe5 1-0

[Event "Wunsiedel op 7th"]
[Site "Wunsiedel"]
[Date "2013.05.11"]
[Round "5"]
[White "Spitzl, Bertram"]
[Black "Jurkatis, Hagen"]
[Result "1/2-1/2"]
[WhiteElo "2235"]
[BlackElo "2080"]
[PlyCount "29"]
[EventDate "2013.05.09"]
[EventType "swiss"]
[EventRounds "7"]
[EventCountry "GER"]
[SourceTitle "CBM 154 Extra"]
[Source "ChessBase"]
[SourceDate "2013.06.25"]
[SourceVersion "2"]
[SourceVersionDate "2013.06.25"]
[SourceQuality "1"]

1. Nf3 d6 2. d4 Bg4 3. Qd3 c6 4. h3 Bh5 5. Qb3 Qc7 6. Bf4 Nf6 7. Nbd2 Nbd7 8. a3 Qb6 9. Qxb6 Nxb6 10. e3 e6 11. g4 Bg6 12. Nh4 Be7 13. Bg3 Ne4 14. Nxe4 Bxe4 15. Bg2 1/2-1/2

[Event "Wunsiedel op 7th"]
[Site "Wunsiedel"]
[Date "2013.05.09"]
[Round "2"]
[White "Maiwald, Jens Uwe"]
[Black "Spitzl, Bertram"]
[Result "1-0"]
[WhiteElo "2466"]
[BlackElo "2235"]
[PlyCount "35"]
[EventDate "2013.05.09"]
[EventType "swiss"]
[EventRounds "7"]
[EventCountry "GER"]
[SourceTitle "CBM 154 Extra"]
[Source "ChessBase"]
[SourceDate "2013.06.25"]
[SourceVersion "2"]
[SourceVersionDate "2013.06.25"]
[SourceQuality "1"]

1. e4 c6 2. d4 d5 3. e5 Bf5 4. h4 h5 5. c4 e6 6. Nc3 Nd7 7. cxd5 cxd5 8. Bd3 Bxd3 9. Qxd3 a6 10. Nf3 Ne7 11. Bg5 Qb6 12. 0-0 g6 13. Rfc1 Qa7 14. Ne2 Bh6 15. Bxh6 Rxh6 16. Ng5 Rh8 17. Rc7 Rd8 18. Qb3 1-0

[Event "Landesliga Nord 1011"]
[Site "Bayern"]
[Date "2011.02.27"]
[Round "7.8"]
[White "Zschunke, Werner"]
[Black "Spitzl, Bertram"]
[Result "0-1"]
[WhiteElo "1905"]
[BlackElo "2072"]
[PlyCount "42"]
[EventDate "2010.10.10"]
[EventType "team-tourn"]
[EventRounds "9"]
[EventCountry "GER"]
[SourceTitle "EXT 2012"]
[Source "ChessBase"]
[SourceDate "2011.11.24"]
[SourceVersion "1"]
[SourceVersionDate "2011.11.24"]
[SourceQuality "1"]
[WhiteTeam "Schweinfurt"]
[BlackTeam "Bindlach II"]
[WhiteTeamCountry "GER"]
[BlackTeamCountry "GER"]

1. c4 Nf6 2. Nc3 d5 3. cxd5 Nxd5 4. g3 Nb6 5. Bg2 g6 6. Nf3 Bg7 7. 0-0 0-0 8. d3 Nc6 9. Bd2 h6 10. Rb1 a5 11. a3 e5 12. b4 axb4 13. axb4 Nd4 14. Nxd4 exd4 15. Ne4 Nd5 16. Qc2 b6 17. Qc6 Be6 18. Rfc1 Re8 19. f4 Ra2 20. Rc2 Nc3 21. Rxa2 Bxa2 0-1

[Event "Korbach op-A 2nd"]
[Site "Korbach"]
[Date "2008.10.11"]
[Round "4"]
[White "Aslan, Benjamin"]
[Black "Spitzl, Bertram"]
[Result "1-0"]
[WhiteElo "1979"]
[BlackElo "2250"]
[PlyCount "69"]
[EventDate "2008.10.09"]
[EventType "swiss"]
[EventRounds "7"]
[EventCountry "GER"]
[SourceTitle "EXT 2010"]
[Source "ChessBase"]
[SourceDate "2010.11.25"]
[SourceVersion "1"]
[SourceVersionDate "2010.11.25"]
[SourceQuality "1"]

1. d4 Nf6 2. c4 g6 3. Nc3 d5 4. Nf3 Bg7 5. Bg5 Ne4 6. cxd5 Nxg5 7. Nxg5 e6 8. Nf3 exd5 9. e3 0-0 10. b4 c6 11. Bd3 Qd6 12. Qb3 a6 13. 0-0 Be6 14. a4 Nd7 15. Rac1 b5 16. a5 Rae8 17. Ne2 Bg4 18. Qc3 Bxf3 19. gxf3 Rc8 20. Kh1 Qf6 21. f4 Rfe8 22. Qd2 Bf8 23. Ng1 Bd6 24. Nf3 Qe7 25. Rb1 Nf6 26. Ne5 Nh5 27. Rg1 Qf8 28. Be2 Qh6 29. Qd3 Nf6 30. Bf3 Ne4 31. Bxe4 dxe4 32. Qxe4 f6 33. Ng4 Rxe4 34. Nxh6+ Kg7 35. Nf5+ 1-0

[Event "Korbach op-A 2nd"]
[Site "Korbach"]
[Date "2008.10.11"]
[Round "5"]
[White "Spitzl, Bertram"]
[Black "Altenbernd, Dirk"]
[Result "1-0"]
[WhiteElo "2250"]
[BlackElo "1980"]
[PlyCount "69"]
[EventDate "2008.10.09"]
[EventType "swiss"]
[EventRounds "7"]
[EventCountry "GER"]
[SourceTitle "EXT 2010"]
[Source "ChessBase"]
[SourceDate "2010.11.25"]
[SourceVersion "1"]
[SourceVersionDate "2010.11.25"]
[SourceQuality "1"]

1. b3 e5 2. Bb2 d6 3. g3 g6 4. d4 Bg7 5. dxe5 dxe5 6. Qxd8+ Kxd8 7. Na3 Be6 8. Bh3 Bxh3 9. Nxh3 f6 10. f4 Nd7 11. Rd1 Ke7 12. Nb5 c5 13. 0-0 Nh6 14. fxe5 fxe5 15. Nf4 Nb6 16. Rd6 Nf5 17. Re6+ Kd7 18. Bxe5 Bxe5 19. Rxe5 Kc6 20. a4 Rhe8 21. Nxa7+ Kc7 22. Nb5+ Kc6 23. Na7+ Kc7 24. Nb5+ Kc6 25. Rxe8 Rxe8 26. Rd1 Nc8 27. Rd2 b6 28. Kf2 Ncd6 29. Nxd6 Nxd6 30. Rd3 g5 31. Nd5 Re5 32. c4 Ne4+ 33. Ke1 Nd6 34. Rf3 Nf5 35. Rxf5 1-0

[Event "Korbach op-A 2nd"]
[Site "Korbach"]
[Date "2008.10.10"]
[Round "2"]
[White "Chrobak, Frank"]
[Black "Spitzl, Bertram"]
[Result "1/2-1/2"]
[WhiteElo "1915"]
[BlackElo "2250"]
[PlyCount "115"]
[EventDate "2008.10.09"]
[EventType "swiss"]
[EventRounds "7"]
[EventCountry "GER"]
[SourceTitle "EXT 2010"]
[Source "ChessBase"]
[SourceDate "2010.11.25"]
[SourceVersion "1"]
[SourceVersionDate "2010.11.25"]
[SourceQuality "1"]

1. e4 c6 2. d4 d5 3. f3 e6 4. Nc3 Bb4 5. Bf4 Nf6 6. Qd3 Qa5 7. Nge2 b6 8. e5 Ba6 9. Qe3 Nh5 10. Bg5 h6 11. Bh4 g5 12. Bf2 c5 13. 0-0-0 Nc6 14. a3 Bxc3 15. Qxc3 Qxc3 16. bxc3 cxd4 17. cxd4 Na5 18. h4 Kd7 19. g4 Bxe2 20. Bxe2 Nf4 21. Bb5+ Nc6 22. Rh2 Ng6 23. hxg5 hxg5 24. Rdh1 Rxh2 25. Rxh2 a6 26. Bxc6+ Kxc6 27. Rh7 Ra7 28. Kd2 Rc7 29. a4 b5 30. axb5+ Kxb5 31. Rh1 a5 32. Be3 Nf4 33. Rb1+ Ka6 34. Bxf4 gxf4 35. Rb8 Ka7 36. Rb5 Ka6 37. Rb8 Rb7 38. Rc8 a4 39. Ra8+ Kb5 40. Kc3 Rc7+ 41. Kb2 Rc4 42. c3 Kb6 43. Rb8+ Ka6 44. Rb4 Rxb4+ 45. cxb4 Kb6 46. Ka3 Kb5 47. g5 Kc4 48. Kxa4 Kxd4 49. b5 Ke3 50. b6 d4 51. b7 d3 52. b8Q d2 53. Qb3+ Ke2 54. Qc2 Ke1 55. Qc3 Ke2 56. Qc2 Ke1 57. Qc3 Ke2 58. Qc2 1/2-1/2

[Event "BL2-Ost 0708"]
[Site "Germany"]
[Date "2008.04.20"]
[Round "9.8"]
[White "Espig, Thomas"]
[Black "Spitzl, Bertram"]
[Result "1/2-1/2"]
[WhiteElo "2273"]
[BlackElo "2226"]
[PlyCount "52"]
[EventDate "2007.10.21"]
[EventType "team-tourn"]
[EventRounds "9"]
[EventCountry "GER"]
[SourceTitle "EXT 2009"]
[Source "ChessBase"]
[SourceDate "2008.11.26"]
[SourceVersion "1"]
[SourceVersionDate "2008.11.26"]
[SourceQuality "1"]
[WhiteTeam "Koenig Plauen"]
[BlackTeam "Bindlach II"]
[WhiteTeamCountry "GER"]
[BlackTeamCountry "GER"]

1. e4 c6 2. d4 d5 3. exd5 cxd5 4. c4 Nf6 5. Nc3 g6 6. Qb3 Bg7 7. cxd5 0-0 8. Bf4 Qa5 9. Nf3 a6 10. Be2 Rd8 11. Ne5 Nxd5 12. Nc4 Qb4 13. Qxb4 Nxb4 14. 0-0-0 Nd7 15. Bc7 Re8 16. Rhe1 Ra7 17. Bf4 Nf6 18. Bf3 Bf5 19. Ne5 Rc8 20. Kd2 Rd8 21. Ke2 Nc2 22. g4 Nxe1 23. Kxe1 Bd7 24. h4 Ne8 25. Nd5 Bc8 26. Nxe7+ Kf8 1/2-1/2

[Event "Regionalliga NW 0708"]
[Site "Bayern"]
[Date "2008.02.17"]
[Round "6.3"]
[White "Oechslein, Rainer"]
[Black "Spitzl, Bertram"]
[Result "1/2-1/2"]
[WhiteElo "2161"]
[BlackElo "2110"]
[PlyCount "52"]
[EventDate "2007.10.21"]
[EventType "team-tourn"]
[EventRounds "9"]
[EventCountry "GER"]
[SourceTitle "EXT 2009"]
[Source "ChessBase"]
[SourceDate "2008.11.26"]
[SourceVersion "1"]
[SourceVersionDate "2008.11.26"]
[SourceQuality "1"]
[WhiteTeam "Schweinfurt"]
[BlackTeam "Bindlach III"]
[WhiteTeamCountry "GER"]
[BlackTeamCountry "GER"]

1. e4 c6 2. d4 d5 3. Nc3 dxe4 4. Nxe4 Nf6 5. Nxf6+ gxf6 6. Be2 Bf5 7. Bf3 Rg8 8. Ne2 Bg4 9. Bxg4 Rxg4 10. 0-0 Qd5 11. f3 Rg8 12. Qd3 Rh8 13. Re1 Nd7 14. c4 Ne5 15. Qb3 Nxc4 16. Qxb7 Nb6 17. Nc3 Qd7 18. Qa6 e6 19. Ne4 Be7 20. Bh6 Rg8 21. Kh1 Rg6 22. Be3 f5 23. Nc3 Rb8 24. Bf4 Qb7 25. Qe2 Rd8 26. Rad1 Kf8 1/2-1/2

[Event "Korbach 1st op A 2007"]
[Site "Korbach"]
[Date "2007.10.13"]
[Round "4.5"]
[White "Gazic, Josip"]
[Black "Spitzl, Bertram"]
[Result "0-1"]
[WhiteElo "2274"]
[BlackElo "2226"]
[PlyCount "84"]
[EventDate "2007.10.11"]
[EventType "swiss"]
[EventRounds "7"]
[EventCountry "GER"]
[SourceTitle "EXT 2009"]
[Source "ChessBase"]
[SourceDate "2008.11.26"]
[SourceVersion "1"]
[SourceVersionDate "2008.11.26"]
[SourceQuality "1"]

1. e4 c6 2. c4 d5 3. Qc2 dxe4 4. Nc3 g6 5. Nxe4 Bg7 6. Nf3 Nd7 7. d4 Ngf6 8. Neg5 0-0 9. h4 h6 10. Bd3 e5 11. dxe5 Nxe5 12. Nxe5 Qa5+ 13. Kf1 Qxe5 14. Nf3 Qh5 15. Kg1 Bg4 16. Ng5 Bd1 17. Qd2 Qg4 18. Rh3 hxg5 19. Rg3 Qd4 20. Qxd1 gxh4 21. Rf3 Rad8 22. Qc2 Ng4 23. Bg5 Ne5 24. Rh3 f6 25. Bxh4 Nxd3 26. c5 Ne5 27. Bg3 Qd3 28. Qa4 Rd4 29. Qb3+ Qxb3 30. axb3 a6 31. f4 Ng4 32. f5 gxf5 33. Bd6 Re8 34. Rf1 Rd5 35. Rhf3 Kf7 36. g3 Kg6 37. Rf4 Ree5 38. Ra1 Bh6 39. Rf3 Be3+ 40. Kh1 Rd2 41. Rxe3 Rxe3 42. Bf4 Rh2+ 0-1

[Event "Korbach 1st op A 2007"]
[Site "Korbach"]
[Date "2007.10.12"]
[Round "3.2"]
[White "Spitzl, Bertram"]
[Black "Ivanov, Mikhail M"]
[Result "0-1"]
[WhiteElo "2226"]
[BlackElo "2455"]
[PlyCount "72"]
[EventDate "2007.10.11"]
[EventType "swiss"]
[EventRounds "7"]
[EventCountry "GER"]
[SourceTitle "EXT 2009"]
[Source "ChessBase"]
[SourceDate "2008.11.26"]
[SourceVersion "1"]
[SourceVersionDate "2008.11.26"]
[SourceQuality "1"]

1. Nf3 g6 2. g3 Bg7 3. d4 d6 4. Bg2 Nd7 5. 0-0 e5 6. dxe5 dxe5 7. c3 Ngf6 8. Qa4 0-0 9. Qh4 h5 10. Bg5 Qe8 11. Qb4 a5 12. Qa3 e4 13. Nfd2 b6 14. c4 Bb7 15. Nc3 Qe6 16. Nb5 Rfc8 17. Bf4 Ne8 18. Rab1 f5 19. Qe3 Ne5 20. Qb3 a4 21. Qc2 c6 22. Na3 c5 23. Bxe5 Qxe5 24. Nb5 h4 25. Rfd1 hxg3 26. hxg3 Nc7 27. Nf1 Ne6 28. e3 Bc6 29. g4 f4 30. Nd6 f3 31. Bxf3 exf3 32. Qxg6 Rf8 33. Nf5 Rf6 34. Ne7+ Kf8 35. Nxc6 Rxg6 36. Nxe5 Bxe5 0-1

[Event "Griesheim op"]
[Site "Griesheim"]
[Date "2007.05.13"]
[Round "4"]
[White "Spitzl, Bertram"]
[Black "Gutacker, Stephan"]
[Result "0-1"]
[WhiteElo "2227"]
[BlackElo "1980"]
[PlyCount "64"]
[EventDate "2007.05.11"]
[EventType "swiss"]
[EventRounds "5"]
[EventCountry "GER"]
[SourceTitle "EXT 2011"]
[Source "ChessBase"]
[SourceDate "2010.11.26"]
[SourceVersion "1"]
[SourceVersionDate "2010.11.26"]
[SourceQuality "1"]

1. Nf3 Nf6 2. g3 b6 3. Bg2 Bb7 4. d3 e6 5. e4 d5 6. e5 Nfd7 7. Bf4 c5 8. 0-0 Nc6 9. Re1 h6 10. h4 Be7 11. Qc1 Qc7 12. c3 g5 13. hxg5 hxg5 14. Nxg5 Ndxe5 15. Nxf7 Kxf7 16. Na3 Nxd3 17. Bxc7 Nxc1 18. Raxc1 Ba6 19. Rcd1 Rac8 20. Bf4 Bf6 21. Nc2 Ne7 22. Be5 Nf5 23. b3 Bxe5 24. Rxe5 d4 25. c4 b5 26. Na3 bxc4 27. Nxc4 Bxc4 28. bxc4 Rhd8 29. Be4 Kf6 30. f4 Ne3 31. Rd2 Nxc4 32. Rh2 Nxe5 0-1

[Event "Landesliga Nord 0506"]
[Site "Bayern"]
[Date "2006.03.12"]
[Round "8.6"]
[White "Spitzl, Bertram"]
[Black "Dittmann, Rainer"]
[Result "1-0"]
[WhiteElo "2126"]
[BlackElo "2034"]
[PlyCount "73"]
[EventDate "2005.10.23"]
[EventType "team"]
[EventRounds "9"]
[EventCountry "GER"]
[SourceTitle "EXT 2007"]
[Source "ChessBase"]
[SourceDate "2006.11.23"]
[SourceVersion "1"]
[SourceVersionDate "2006.11.23"]
[SourceQuality "1"]

1. g3 d5 2. Nf3 Nf6 3. Bg2 Bg4 4. d3 Nbd7 5. Nbd2 e5 6. h3 Bxf3 7. Bxf3 c6 8. c4 Qb6 9. Qb3 dxc4 10. Qxc4 Bc5 11. 0-0 0-0 12. Nb3 Rfd8 13. Bd2 a5 14. Nxc5 Qxc5 15. Qb3 Qb6 16. Rfc1 a4 17. Qa3 Qb5 18. Bb4 Nd5 19. Bd6 Re8 20. Rc2 f5 21. e4 fxe4 22. dxe4 N5f6 23. Rd1 Qb6 24. Rc4 Qa6 25. Rdc1 Nb6 26. R4c2 Nbd7 27. b4 Qb6 28. Rd1 Nf8 29. Qc3 Rad8 30. Rcd2 Qb5 31. a3 Rd7 32. Qc2 Ng6 33. Be2 Qb6 34. Bc5 Qc7 35. Rxd7 Nxd7 36. Qc4+ Kh8 37. Qf7 1-0

[Event "Landesliga Nord 0506"]
[Site "Bayern"]
[Date "2006.02.19"]
[Round "7.6"]
[White "Heumann, Joern"]
[Black "Spitzl, Bertram"]
[Result "1/2-1/2"]
[WhiteElo "2103"]
[BlackElo "2126"]
[PlyCount "90"]
[EventDate "2005.10.23"]
[EventType "team"]
[EventRounds "9"]
[EventCountry "GER"]
[SourceTitle "EXT 2007"]
[Source "ChessBase"]
[SourceDate "2006.11.23"]
[SourceVersion "1"]
[SourceVersionDate "2006.11.23"]
[SourceQuality "1"]

1. e4 c6 2. d4 d5 3. exd5 cxd5 4. c4 Nf6 5. Nc3 g6 6. Qb3 Bg7 7. cxd5 0-0 8. Be2 Nbd7 9. Bf3 Nb6 10. a4 Bg4 11. a5 Bxf3 12. Nxf3 Nbxd5 13. Qxb7 Qd6 14. Qb5 Rab8 15. Qe2 Rb3 16. Nxd5 Nxd5 17. 0-0 Rfb8 18. Rd1 e6 19. Ra4 Qc6 20. Rc4 Qb5 21. Qc2 Bf8 22. Ne5 Qb7 23. Rc6 Qe7 24. Rc8 Rxc8 25. Qxc8 Qc7 26. Qe8 Rb8 27. Qc6 Qxc6 28. Nxc6 Rb7 29. Bd2 a6 30. Rb1 Rb3 31. Kf1 Bd6 32. h3 Kf8 33. Ke2 Ke8 34. Ne5 f6 35. Nc4 Be7 36. Rc1 Kd7 37. Rc2 g5 38. g3 Bd8 39. Ne3 Nb4 40. Bxb4 Rxb4 41. d5 Bxa5 42. dxe6+ Kxe6 43. Rc6+ Kf7 44. Rxa6 Rxb2+ 45. Kf3 Be1 1/2-1/2

[Event "Landesliga Nord 0506"]
[Site "Bayern"]
[Date "2006.01.29"]
[Round "6.7"]
[White "Schindler, Gernot"]
[Black "Spitzl, Bertram"]
[Result "0-1"]
[WhiteElo "2031"]
[BlackElo "2126"]
[PlyCount "88"]
[EventDate "2005.10.23"]
[EventType "team"]
[EventRounds "9"]
[EventCountry "GER"]
[SourceTitle "EXT 2007"]
[Source "ChessBase"]
[SourceDate "2006.11.23"]
[SourceVersion "1"]
[SourceVersionDate "2006.11.23"]
[SourceQuality "1"]

1. e4 c6 2. d4 d5 3. Nc3 dxe4 4. Nxe4 Nf6 5. Nxf6+ gxf6 6. c3 Bf5 7. Nf3 e6 8. Be3 Nd7 9. Nh4 Bg6 10. Nxg6 hxg6 11. Be2 Qc7 12. h3 Nb6 13. b4 Nd5 14. Qd2 a5 15. Rb1 axb4 16. cxb4 f5 17. Qd3 Nxb4 18. Qb3 Ra3 19. Qd1 Nd5 20. Bd2 Rxa2 21. 0-0 Bg7 22. Bc4 Ra8 23. Bxd5 cxd5 24. Bb4 Bf8 25. Qb3 Bxb4 26. Qxb4 Qe7 27. Qb5+ Kf8 28. Rfe1 Rh4 29. Qb6 Ra6 30. Qxb7 Qxb7 31. Rxb7 Rxd4 32. Reb1 Rda4 33. Kh2 Ra7 34. Rb8+ Kg7 35. Rd8 Ra2 36. Kg3 f4+ 37. Kxf4 Rxf2+ 38. Kg3 Raa2 39. Rg1 Kf6 40. Rd7 Rae2 41. Rd8 Ke5 42. Rg8 Ke4 43. Ra8 d4 44. Ra4 e5 0-1